000 00521nam a2200181Ia 4500
008 151202s9999||||xx |||||||||||||| ||und||
082 _bPNVM-35921
100 _aसावंत वसंत.
245 _aउगवाई.
260 _b"पॉप्युलर प्रकाशन ,मुंबई-."
260 _c1984
300 _a96
600 _aसावंत वसंत.
630 _aउगवाई.
700 _aसावंत वसंत.
730 _aउगवाई.
942 _cBOOK
999 _c1301873
_d1301870